[Event "ENG-ch Seniors 65"]
[Site "Leamington Spa"]
[Date "2023.05.08"]
[Round "7"]
[White "Seymour, Paul"]
[Black "Barton, Tom A"]
[Result "1/2-1/2"]
[WhiteElo "1599"]
[BlackElo "1840"]
[PlyCount "27"]
[EventDate "2023.05.04"]
[EventType "swiss"]
[EventRounds "7"]
[EventCountry "ENG"]
[SourceTitle "CBM 214 Extra"]
[Source "ChessBase"]
[SourceDate "2023.07.31"]
[SourceVersion "1"]
[SourceVersionDate "2023.07.31"]
[SourceQuality "1"]

1. d4 c5 2. c3 e6 3. Nf3 a6 4. a4 b6 5. Bf4 Bb7 6. e3 Nf6 7. h3 Be7 8. Nbd2 0-0 9. Bd3 cxd4 10. exd4 d6 11. 0-0 Re8 12. Re1 Nbd7 13. Qc2 Rc8 14. Ne4 1/2-1/2

[Event "ENG-ch Seniors 65"]
[Site "Leamington Spa"]
[Date "2023.05.07"]
[Round "5"]
[White "Seymour, Paul"]
[Black "Hall, Alan"]
[Result "1-0"]
[WhiteElo "1599"]
[BlackElo "1747"]
[PlyCount "134"]
[EventDate "2023.05.04"]
[EventType "swiss"]
[EventRounds "7"]
[EventCountry "ENG"]
[SourceTitle "CBM 214 Extra"]
[Source "ChessBase"]
[SourceDate "2023.07.31"]
[SourceVersion "1"]
[SourceVersionDate "2023.07.31"]
[SourceQuality "1"]

1. d4 Nf6 2. Bf4 d6 3. e3 g6 4. h3 Bg7 5. Nf3 0-0 6. Be2 Nbd7 7. 0-0 c5 8. c3 a6 9. Bh2 b5 10. Nbd2 Bb7 11. Rc1 Re8 12. c4 b4 13. b3 a5 14. Ne1 Qb6 15. d5 e6 16. e4 exd5 17. exd5 Re7 18. Nd3 Rae8 19. Re1 Bh6 20. Kf1 Ne5 21. Nxe5 dxe5 22. f3 Bc8 23. g4 e4 24. f4 g5 25. f5 Bf8 26. Kg2 Rd7 27. Nf1 Bd6 28. Bxd6 Qxd6 29. Ng3 Rde7 30. Rf1 Bd7 31. Qd2 h6 32. Qe3 Kg7 33. Rf2 a4 34. Rh1 Qe5 35. h4 Qd4 36. Qxd4 cxd4 37. hxg5 hxg5 38. Nh5+ Nxh5 39. Rxh5 f6 40. Rf1 Rh8 41. Rxh8 Kxh8 42. c5 axb3 43. axb3 d3 44. c6 dxe2 45. Re1 Bc8 46. d6 Ra7 47. Rxe2 Bd7 48. cxd7 Rxd7 49. Rxe4 Rxd6 50. Rxb4 Kg7 51. Kf2 Kf7 52. Ke3 Ke7 53. Re4+ Kf7 54. b4 Rd1 55. Rd4 Rb1 56. Kd3 Ke7 57. Kc4 Rc1+ 58. Kb5 Rb1 59. Kc5 Rc1+ 60. Kb6 Rb1 61. b5 Ra1 62. Kb7 Rb1 63. b6 Rb3 64. Kc6 Rc3+ 65. Kb5 Rc1 66. b7 Rb1+ 67. Rb4 Ke8 1-0

[Event "Leamington Spa 4NCL op-C 28th"]
[Site "Leamington Spa"]
[Date "2022.07.10"]
[Round "5"]
[White "Maher, Mike P"]
[Black "Seymour, Paul"]
[Result "1/2-1/2"]
[WhiteElo "1693"]
[BlackElo "1674"]
[PlyCount "44"]
[EventDate "2022.07.08"]
[EventType "swiss"]
[EventRounds "5"]
[EventCountry "ENG"]
[SourceTitle "CBM 209 Extra"]
[Source "ChessBase"]
[SourceDate "2022.09.30"]
[SourceVersion "1"]
[SourceVersionDate "2022.09.30"]
[SourceQuality "1"]

1. d4 Nf6 2. c4 e6 3. Nc3 d5 4. cxd5 exd5 5. Bg5 Be7 6. e3 a6 7. Bd3 Nbd7 8. Qc2 h6 9. Bh4 c5 10. Nge2 b5 11. 0-0 0-0 12. a3 c4 13. Bf5 Nb6 14. f3 Bxf5 15. Qxf5 Qd7 16. Qxd7 Nbxd7 17. e4 g5 18. Bg3 dxe4 19. fxe4 Kg7 20. e5 Nh5 21. Ne4 f5 22. exf6+ Nhxf6 1/2-1/2

[Event "Leamington Spa 4NCL op-C 28th"]
[Site "Leamington Spa"]
[Date "2022.07.10"]
[Round "4"]
[White "Seymour, Paul"]
[Black "Ravi, Vash"]
[Result "1-0"]
[WhiteElo "1674"]
[BlackElo "1484"]
[PlyCount "79"]
[EventDate "2022.07.08"]
[EventType "swiss"]
[EventRounds "5"]
[EventCountry "ENG"]
[SourceTitle "CBM 209 Extra"]
[Source "ChessBase"]
[SourceDate "2022.09.30"]
[SourceVersion "1"]
[SourceVersionDate "2022.09.30"]
[SourceQuality "1"]

1. d4 d5 2. Bf4 Nc6 3. Nf3 Bg4 4. c3 f6 5. h3 Bxf3 6. exf3 e5 7. Be3 Bd6 8. dxe5 fxe5 9. Qxd5 Nf6 10. Qb3 Rb8 11. Nd2 Qd7 12. Ne4 a6 13. Rd1 Nd8 14. Be2 Nf7 15. Nxf6+ gxf6 16. Ba7 Ra8 17. Qxb7 Ke7 18. Bc5 Rhb8 19. Qd5 Rd8 20. 0-0 Rg8 21. Rfe1 Qxh3 22. Bxd6+ Nxd6 23. f4 e4 24. Bf1 f5 25. Re3 Qh4 26. Qe5+ Kf7 27. Rh3 Qxh3 28. Qd5+ Ke7 29. Qxa8 Rg7 30. Qc6 Kd8 31. Rxd6+ cxd6 32. Qa8+ Ke7 33. Qb7+ Kf6 34. Qxg7+ Kxg7 35. gxh3 a5 36. b4 axb4 37. cxb4 Kf8 38. Bc4 Ke7 39. Kf1 Kd8 40. Ke2 1-0

[Event "Leamington Spa 4NCL op-C 28th"]
[Site "Leamington Spa"]
[Date "2022.07.08"]
[Round "1"]
[White "Gowers, George"]
[Black "Seymour, Paul"]
[Result "1/2-1/2"]
[WhiteElo "1439"]
[BlackElo "1674"]
[PlyCount "27"]
[EventDate "2022.07.08"]
[EventType "swiss"]
[EventRounds "5"]
[EventCountry "ENG"]
[SourceTitle "CBM 209 Extra"]
[Source "ChessBase"]
[SourceDate "2022.09.30"]
[SourceVersion "1"]
[SourceVersionDate "2022.09.30"]
[SourceQuality "1"]

1. e4 d5 2. exd5 Qxd5 3. Nc3 Qd6 4. d4 Nf6 5. Nf3 a6 6. g3 Bg4 7. Bg2 Nc6 8. Bf4 Qb4 9. 0-0 0-0-0 10. Qe1 Nxd4 11. Qe5 Nxf3+ 12. Bxf3 Qd6 13. Qa5 Qb6 14. Qxb6 1/2-1/2

[Event "BCF-chT4S 1920 (4NCL)"]
[Site "England"]
[Date "2019.11.09"]
[Round "1.104"]
[White "Seymour, Paul"]
[Black "Bowcott, Dustin"]
[Result "0-1"]
[WhiteElo "1675"]
[BlackElo "1900"]
[PlyCount "52"]
[EventDate "2019.11.09"]
[EventType "team-swiss"]
[EventRounds "11"]
[EventCountry "ENG"]
[SourceTitle "EXT 2022"]
[Source "ChessBase"]
[SourceDate "2021.10.06"]
[SourceVersion "1"]
[SourceVersionDate "2021.10.06"]
[SourceQuality "1"]
[WhiteTeam "Surbiton II"]
[BlackTeam "Warwicks Select II"]
[WhiteTeamCountry "ENG"]
[BlackTeamCountry "ENG"]

1. d4 g6 2. Bf4 Bg7 3. e3 d6 4. Nf3 Nd7 5. Be2 e5 6. Bg3 Qe7 7. c3 Ngf6 8. h3 Ne4 9. Bh2 Nb6 10. a4 a5 11. Nbd2 Ng5 12. dxe5 dxe5 13. e4 Bd7 14. Bg3 0-0 15. Nxg5 Qxg5 16. 0-0 Rad8 17. Qc2 Bxa4 18. Rxa4 Rxd2 19. Qc1 Nxa4 20. f4 Qd8 21. Bb5 Nc5 22. fxe5 Nxe4 23. Be1 Rd5 24. Bc4 Rxe5 25. Rxf7 Rxf7 26. Qf4 Qf6 0-1

[Event "Basingstoke Spring Bank op U1825 2nd"]
[Site "Basingstoke"]
[Date "2019.05.26"]
[Round "5.5"]
[White "Seymour, Paul"]
[Black "Abbas, Ahmed C"]
[Result "0-1"]
[WhiteElo "1643"]
[BlackElo "1549"]
[PlyCount "54"]
[EventDate "2019.05.24"]
[EventType "swiss"]
[EventRounds "7"]
[EventCountry "ENG"]
[SourceTitle "EXT 2023"]
[Source "ChessBase"]
[SourceDate "2022.10.05"]
[SourceVersion "1"]
[SourceVersionDate "2022.10.05"]
[SourceQuality "1"]

1. d4 Nf6 2. Bf4 g6 3. e3 Bg7 4. Bd3 d6 5. h3 0-0 6. c3 c5 7. Nd2 Nc6 8. Qc2 cxd4 9. exd4 Nd5 10. Bg3 e5 11. Ne2 exd4 12. Be4 dxc3 13. Bxd5 cxd2+ 14. Qxd2 Ne7 15. Bf3 Nf5 16. Bf4 Qb6 17. 0-0 Be6 18. Nc3 Nd4 19. Be4 Nf5 20. Nd5 Qd4 21. Qxd4 Bxd4 22. Nc7 Rad8 23. Nxe6 fxe6 24. Rab1 b6 25. b3 e5 26. Bd2 Ng3 27. Be3 Nxe4 0-1

[Event "ENG-ch Seniors 50"]
[Site "Solihull"]
[Date "2019.04.04"]
[Round "1"]
[White "Seymour, Paul"]
[Black "Gibbs, Dominic V"]
[Result "1-0"]
[WhiteElo "1579"]
[BlackElo "1946"]
[PlyCount "67"]
[EventDate "2019.04.04"]
[EventType "swiss"]
[EventRounds "6"]
[EventCountry "ENG"]
[SourceTitle "CBM 190 Extra"]
[Source "ChessBase"]
[SourceDate "2019.07.15"]
[SourceVersion "1"]
[SourceVersionDate "2019.07.15"]
[SourceQuality "1"]

1. d4 g6 2. Bf4 Bg7 3. e3 d6 4. Bd3 Nc6 5. c3 e5 6. dxe5 dxe5 7. Bg3 Qe7 8. Nd2 Nh6 9. h3 0-0 10. Qe2 Nf5 11. Bh2 a6 12. Ngf3 b5 13. e4 Nd6 14. 0-0 Bb7 15. Nb3 Rad8 16. Nc5 Bc8 17. a4 f5 18. axb5 axb5 19. Bxb5 Nxb5 20. Qxb5 fxe4 21. Nxe4 Bd7 22. Qc5 Qxc5 23. Nxc5 Bxh3 24. Ng5 Rd5 25. gxh3 Rxc5 26. Ne6 Rb5 27. Nxf8 Bxf8 28. b4 Bd6 29. Rfe1 Rb8 30. Re4 Re8 31. f4 Kf7 32. Ra6 Nb8 33. Ra8 c6 34. fxe5 1-0